Tous les Premiers Ministres sous E.Macron - Statistiques

Statistiques générales
  • Ce quiz a été pris 114 fois
  • Le résultat moyen est 6 sur 7
Statistiques - réponses
Indices Réponses % Correct
2eme Mandat 9 septembre 2025 -> ... (29 jours) Sébastien Lecornu
96%
1er Mandat 15 mai 2017 -> 3 juillet 2020 (3 ans, 1 mois et 18 jours) Édouard Philippe
94%
2eme Mandat 13 décembre 2024 -> 9 septembre 2025 (8 mois et 27 jours) François Bayrou
94%
2eme Mandat 16 mai 2022 – 9 janvier 2024 (1 an, 7 mois et 24 jours) Éisabeth Borne
93%
2eme Mandat 9 janvier 2024 -> 5 septembre 2024 (7 mois et 27 jours) Gabriel Attal
93%
2eme Mandat 5 septembre 2024 -> 13 décembre 2024 (3 mois et 8 jours) Michel Barnier
86%
1er Mandat 3 juillet 2020 -> 16 mai 2022 (1 an, 10 mois et 13 jours) Jean Castex
78%
Aucun quiz correspondant
Distribution des résultats
% des personnes avec chaque résultat
Percentile par nombre de réponses
Votre historique - résultats
Vous n’avez pas pris ce quiz